| 000 | 00825nam a22001937a 4500 | ||
|---|---|---|---|
| 003 | OSt | ||
| 005 | 20140829094604.0 | ||
| 008 | 140826b2003 slv spa | ||
| 040 | _cBMC | ||
| 082 | _a613.0433 | ||
| 245 | 0 | 0 | _aGuías de atención de los principales problemas de salud de adolescentes |
| 260 |
_aSan Salvador _bMinisterio de Salud Pública y Asistencia Social, Gerencia de Atención Integral en Salud de Adolescentes _c2003 |
||
| 300 |
_aX, 134, [12] p. _bil., gráf. _c28 cm |
||
| 500 | _aEn la port.: Hoy! Adolescentes saludables. Programa Nacional de Atención Integral de la Salud de Adolescentes | ||
| 597 | _1Ejemp. es fotocopia enc. en anillas | ||
| 650 | 2 | 4 |
_923917 _aAdolescentes _xSalud e higiene |
| 710 | 1 |
_924018 _aEl Salvador _bMinisterio de Salud Pública y Asistencia Social |
|
| 942 |
_2ddc _cBK |
||
| 999 |
_c13276 _d13276 |
||